000
00205 a2200097 4500
001
9554
100
_a
Zuckerman, S
245
_a
Scientists and War
260
_a
_b
Hamish Hamilton
_c
090
_c
7596
_d
7596
942
_a
NUST-CAE
_c
M
_c
34262
999
_c
244627
_d
244627